LEADER 01172nam0-22003731i-450 001 990003202520403321 005 20230621114907.0 035 $a000320252 035 $aFED01000320252 035 $a(Aleph)000320252FED01 035 $a000320252 100 $a20000920d1955----km-y0itay50------ba 101 0 $aita 102 $aIT 200 1 $aSplendori delle antiche religioni$eLo sfondo storico del primitivismo. Zoroastrismo. Induismo. Giainismo. Buddismo. Confucianesimo. Taoismo. Scinto. Islamismo. Sikhismo$fJack Finegan. 210 $aMilano$cAldo Martello$d\(stampa \\1955). 215 $a2 v. (XXXII, 582 p.)$d25 cm 300 $a[Tit. orig.: The Archeology of World Religions] 676 $a13520 676 $a13530 676 $a13570 702 1$aFinegan,$bJack 801 0$aIT$bUNINA$gRICA$2UNIMARC 901 $aBK 912 $a990003202520403321 952 $a13570 FIN$b08958 a$fSES 952 $a13570 FIN$b08958 b$fSES 952 $a6/III I 06$bbibl.28715$fFLFBC 952 $a6/III I 07$bbibl.28715$fFLFBC 959 $aSES 959 $aFLFBC 996 $aSplendori delle antiche religioni$9454497 997 $aUNINA DB $aING01 LEADER 01737nam 22005415u 450 001 9910155286903321 005 20211006145142.0 010 $a9783318030624 010 $a3318030627 035 $a(CKB)3780000000101798 035 $a(OCoLC)1046111355 035 $a(SZ-BaSKA)220476 035 $a(MiAaPQ)EBC31865290 035 $a(Au-PeEL)EBL31865290 035 $a(EXLCZ)993780000000101798 100 $a20211006d1983 uy 0 101 0 $aeng 135 $aurunu||||| 181 $ctxt$2rdacontent 182 $cc$2rdamedia 183 $acr$2rdacarrier 200 10$aNeurophysiological Correlates of Normal Cognition and Psychopathology : $e4th International Symposium on Clinical Neurophysiological Aspects of Psychopathological Conditions, Feusisberg, September 1982 / $f editors, C. Perris, D. Kemali, M. Koukkou-Lehmann 205 $a1st ed. 210 $aBasel : $cS. Karger, $d1983 215 $a1 online resource (VIII + 232 pages) : $c 52 figures, 56 tables 225 0 $aAdvances in Biological Psychiatry, $x1662-2774 ; $vVol.13 311 08$a9783805537377 311 08$a3805537379 410 0$aIssn Series 606 $aPsychiatry 606 $aElectroencephalogram 606 $aNeurology 606 $aPharmacology 606 $aPsychology 606 $aPsychopathology 615 14$aPsychiatry 615 24$aElectroencephalogram 615 24$aNeurology 615 24$aPharmacology 615 24$aPsychology 615 24$aPsychopathology 700 $aPerris$b C$01215488 801 0$bUKSKG 801 1$bUKSKG 906 $aBOOK 912 $a9910155286903321 996 $aNeurophysiological Correlates of Normal Cognition and Psychopathology$92809275 997 $aUNINA